Nomeie cada pokémon #5 - Statistics

Estatísticas Gerais
  • Esse quiz foi jogado 44 vezes
  • A pontuação média é 10 de 12
Estatísticas das Respostas
Imagem Resposta % Correto
Mewtwo
95%
Haunter
93%
Arcanine
91%
Butterfree
89%
Tentacool
89%
Venonat
86%
Wartortle
86%
Clefable
84%
Slowbro
84%
Tauros
84%
Seaking
68%
Exeggutor
66%
Nenhum quiz correspondente encontrado
Distribuição das Pontuações
Porcentagem de Pessoas com Cada Pontuação
Percentil de Números Respondidos
Sua Pontuação Histórica
Você não jogou esse quiz